Daniel en la cueva de los leones / (Registro nro. 12457)
[ vista simple ]
| 000 -LEADER | |
|---|---|
| fixed length control field | 00659nam a22002297a 4500 |
| 003 - CONTROL NUMBER IDENTIFIER | |
| control field | DO-SdBNP |
| 005 - DATE AND TIME OF LATEST TRANSACTION | |
| control field | 20170113130633.0 |
| 008 - FIXED-LENGTH DATA ELEMENTS--GENERAL INFORMATION | |
| fixed length control field | 160718 1978 ck a spa d |
| 020 ## - INTERNATIONAL STANDARD BOOK NUMBER | |
| International Standard Book Number | 9580407053 |
| 020 ## - INTERNATIONAL STANDARD BOOK NUMBER | |
| International Standard Book Number | 9580407444 |
| 040 ## - CATALOGING SOURCE | |
| Original cataloging agency | BPMSU |
| Language of cataloging | spa |
| Transcribing agency | BPMSU |
| 092 ## - LOCALLY ASSIGNED DEWEY CALL NUMBER (OCLC) | |
| Classification number | xxxxx |
| Item number | xxxxx |
| 100 1# - MAIN ENTRY--PERSONAL NAME | |
| Personal name | Bennett, Marian |
| 245 10 - TITLE STATEMENT | |
| Title | Daniel en la cueva de los leones / |
| Statement of responsibility, etc. | Marian Bennett ; ilustraciones Borje Svensson |
| 260 ## - PUBLICATION, DISTRIBUTION, ETC. (IMPRINT) | |
| Place of publication, distribution, etc. | Colombia : |
| Name of publisher, distributor, etc. | Norma, |
| Date of publication, distribution, etc. | 1978. |
| 300 ## - PHYSICAL DESCRIPTION | |
| Extent | [14] p. : |
| Other physical details | il. ; |
| Dimensions | 16 cm. |
| 490 0# - SERIES STATEMENT | |
| Series statement | Fantasía religiosos |
| 700 12 - ADDED ENTRY--PERSONAL NAME | |
| Personal name | Svensson, Borje |
| Relator term | il. |
| 830 #0 - SERIES ADDED ENTRY--UNIFORM TITLE | |
| Uniform title | Fantasía reliosos |
| 942 ## - ADDED ENTRY ELEMENTS (KOHA) | |
| Source of classification or shelving scheme | Dewey Decimal Classification |
| Koha item type | Libros |
| 956 ## - LOCAL ELECTRONIC LOCATION AND ACCESS (OCLC) | |
| Access method | YLOCKWARD |
| Materials specified | 10 |
| Field link and sequence number | BPMSU |
| Host name | 00144 |
| Withdrawn status | Lost status | Source of classification or shelving scheme | Damaged status | Not for loan | Collection code | Home library | Current library | Date acquired | Source of acquisition | Total Checkouts | Barcode | Date last seen | Price effective from | Koha item type |
|---|---|---|---|---|---|---|---|---|---|---|---|---|---|---|
| Dewey Decimal Classification | Colección Infantil General | Biblioteca Pública Metropolitana Salomé Ureña | Biblioteca Pública Metropolitana Salomé Ureña | 01/13/2017 | Donado por la Agencia de Cooperación del Japón | BPMSU17010034 | 01/13/2017 | 01/13/2017 | Libros |